Organizational culture and paradoxes in management : firms, families, and their businesses / Saulo C. M. Ribeiro. (Record no. 22573)

000 -LEADER
fixed length control field 00793nam a2200217 4500
020 ## - INTERNATIONAL STANDARD BOOK NUMBER
ISBN 9780367211547
082 ## - DEWEY DECIMAL CLASSIFICATION NUMBER
Classification number 658.4
Item number R484o 2021
100 ## - MAIN ENTRY--AUTHOR NAME
Personal name Ribeiro, Saulo C. M., author
245 ## - TITLE STATEMENT
Title Organizational culture and paradoxes in management : firms, families, and their businesses / Saulo C. M. Ribeiro.
250 ## - EDITION STATEMENT
Edition statement 1st edition.
260 ## - PUBLICATION, DISTRIBUTION, ETC. (IMPRINT)
Place of publication London ; New York :
Name of publisher Routledge,
Year of publication c2021.
300 ## - PHYSICAL DESCRIPTION
Number of Pages 1 online resources, xxi, 319 pages :
Other physical details illustrations.
490 ## - SERIES STATEMENT
Series statement Routledge studies in management, organizations and society.
500 ## - GENERAL NOTE
General note Includes index.
650 ## - SUBJECT ADDED ENTRY--TOPICAL TERM
Topical Term Corporate culture.
650 ## - SUBJECT ADDED ENTRY--TOPICAL TERM
Topical Term Management.
650 ## - SUBJECT ADDED ENTRY--TOPICAL TERM
Topical Term Family-owned business enterprises - Management.
700 ## - ADDED ENTRY--PERSONAL NAME
Personal name Furaker, Bengt, editor.
700 ## - ADDED ENTRY--PERSONAL NAME
Personal name Hakansson, Kristina, editor.
942 ## - ADDED ENTRY ELEMENTS (KOHA)
Koha item type Electronic Books
Holdings
Source of acquisition Permanent Location Date acquired Collection code Koha item type Lost status Shelving location Withdrawn status Current Location Full call number
DonationCagayan State University - Carig Library2026-04-16E-BooksElectronic Books E-Resource Section Cagayan State University - Carig Library658.4 R484o 2021

Cagayan State University University Library, Carig Campus
Tuguegarao City, Cagayan 3500 | www.csucarig.edu.ph

Powered by Koha